| 000 | 00706nam a22002177a 4500 | ||
|---|---|---|---|
| 008 | 140429t mx||||| |||| 00| 0 spa d | ||
| 020 | _a9786074170047 | ||
| 050 | 0 | 4 |
_aBD175.5.M84 _bE85 2008 |
| 245 | 0 | 0 |
_aÉtica, hermeneútica y multiculturalismo _c / Pablo Lazo Briones (compilador) |
| 250 | _a1a ed. | ||
| 260 |
_aMéxico : _bUniversidad Iberoamericana, _c2008 |
||
| 300 |
_a268 p. ; _c21 cm. |
||
| 490 | 0 | _aBiblioteca Francisco Xavier Clavijero | |
| 504 | _aIncluye bibliografía | ||
| 650 | 7 |
_2Lemb _aÉtica social |
|
| 650 | 7 |
_2Lemb _aMulticulturalismo |
|
| 650 | 7 |
_2Lemb _aHermeneútica |
|
| 650 | 7 |
_2Lemb _aAntropología filosófica |
|
| 700 | 1 |
_aLazo Briones, Pablo _ecomp. |
|
| 942 |
_2lcc _cLIB |
||
| 999 |
_c51071 _d51071 |
||